Introductory Mathematics for technicians / (Record no. 179838)
[ view plain ]
| 000 -LEADER | |
|---|---|
| fixed length control field | 01009 a2200169 4500 |
| 003 - CONTROL NUMBER IDENTIFIER | |
| control field | NUST |
| 005 - DATE AND TIME OF LATEST TRANSACTION | |
| control field | 20221028125257.0 |
| 040 ## - CATALOGING SOURCE | |
| Transcribing agency | Nust |
| 082 ## - DEWEY DECIMAL CLASSIFICATION NUMBER | |
| Classification number | 510,AUE |
| 100 ## - MAIN ENTRY--PERSONAL NAME | |
| Personal name | Auerbach, Alvin B. |
| 9 (RLIN) | 101626 |
| 245 ## - TITLE STATEMENT | |
| Title | Introductory Mathematics for technicians / |
| Statement of responsibility, etc. | Alvin B. Auerbach, Vivian Shaw Groza |
| 260 ## - PUBLICATION, DISTRIBUTION, ETC. | |
| Place of publication, distribution, etc. | New York, |
| Name of publisher, distributor, etc. | Macmillan |
| Date of publication, distribution, etc. | [1972] |
| 300 ## - PHYSICAL DESCRIPTION | |
| Extent | xi, 802 p. |
| Other physical details | illus. 24 cm. |
| 505 ## - FORMATTED CONTENTS NOTE | |
| Formatted contents note | The World Of Numbers (Page-1), The Slide Rule (Page-57), Elementary Algebra (Page-101), Geometric Concepts (Page-151), Algebraic Fractions (Page-233), First Degree Equations And Inequalities (Page-263), Relations, Functions And Their Graphs (Page-307), Logarithmic Computing (Page-349), Trigonometric Functions And Their Graphs (Page-391), Right Triangles, Vector And Trigonometric Applications (Page-447), Radicals, Exponents And Theory Of Logarithms (Page-505), Second-Degree Equations And Inequalities (Page-561). |
| 650 ## - SUBJECT ADDED ENTRY--TOPICAL TERM | |
| Topical term or geographic name entry element | Introductory mathematics for technicians |
| 9 (RLIN) | 101627 |
| 942 ## - ADDED ENTRY ELEMENTS (KOHA) | |
| Source of classification or shelving scheme | |
| Koha item type | Book |
| Call number prefix | 510,AUE |
| Withdrawn status | Lost status | Source of classification or shelving scheme | Damaged status | Not for loan | Permanent Location | Current Location | Shelving location | Date acquired | Full call number | Barcode | Date last seen | Price effective from | Koha item type | Public note |
|---|---|---|---|---|---|---|---|---|---|---|---|---|---|---|
| Military College of Signals (MCS) | Military College of Signals (MCS) | General Stacks | 12/12/2016 | 510,AUE | MCS7714 | 12/08/2016 | 12/12/2016 | Book Bank | Almirah No. A/135, Shelf No.3 |
